Democracy,development and decentralisation in India: (Record no. 91969)

MARC details
000 -LEADER
fixed length control field 01115nam a22002657a 4500
005 - DATE AND TIME OF LATEST TRANSACTION
control field 20150421104107.0
010 ## - LCCN (DPL NO)
LC control number ENG-112304
020 ## - INTERNATIONAL STANDARD BOOK NUMBER
International Standard Book Number 9781138842380
Terms of availability 595.00
035 ## - SYSTEM CONTROL NUMBER
System control number EN-95836
037 ## - SOURCE OF ACQUISITION
Stock number DBAD/PUB
082 ## - DEWEY DECIMAL CLASSIFICATION NUMBER
Classification number 338.954
245 ## - TITLE STATEMENT
Title Democracy,development and decentralisation in India:
Statement of responsibility, etc edited by Chandan Sengupta [and] Stuart Corbridge ; foreworded by Anthony Giddens.
Remainder of title continuig debates /
260 ## - PUBLICATION, DISTRIBUTION, ETC. (IMPRINT)
Place of publication, distribution, etc New Delhi
Name of publisher, distributor, etc Routirdge
Date of publication, distribution, etc 2015
270 ## - ADDRESS
Address 912,Tolstoy House 15-17 Tolstoy Marg ,Connaught Place
City New Delhi
Postal code 110001
300 ## - PHYSICAL DESCRIPTION
Extent xvi,341p. :
Dimensions 23cm(pbk)
Other physical details ill.
500 ## - GENERAL NOTE
General note Based on presentations at a workshop organized by the Development Studies Institute, LSE and the Centre for Development Studies, TISD in London, June 2007.
500 ## - GENERAL NOTE
General note Includes index
520 ## - SUMMARY, ETC.
Summary, etc Contributed articles.
650 ## - SUBJECT ADDED ENTRY--TOPICAL TERM
Topical term or geographic name as entry element Democracy
Geographic subdivision India
Form subdivision Congresses.
650 ## - SUBJECT ADDED ENTRY--TOPICAL TERM
Topical term or geographic name as entry element Economic policy
Geographic subdivision India
Form subdivision Congresses.
650 ## - SUBJECT ADDED ENTRY--TOPICAL TERM
Topical term or geographic name as entry element Decentralization in government
Geographic subdivision India
Form subdivision Congresses.
700 ## - ADDED ENTRY--PERSONAL NAME
Personal name Sengupta, Chanadan
700 ## - ADDED ENTRY--PERSONAL NAME
Personal name Corbridge, Stuart
942 ## - ADDED ENTRY ELEMENTS (KOHA)
Source of classification or shelving scheme Dewey Decimal Classification
Item type English Books
Call number suffix DEM
Classification part 338.954
Holdings
Withdrawn status Lost status Not for loan Collection code Home library Current library Date acquired Source of acquisition Cost, normal purchase price Full call number Barcode Copy number Cost, replacement price Koha item type
    Not For Loan Non-fiction D.B.Act.Division D.B.Act.Division 26/02/2015 DBAD/PUB 595.00 338.954 DEM EN-95836 1 595.00 English Books

© Delhi Public Library
Hit Counter
free hit counter